000 00287nam a22001337a 4500
008 170810b xxu||||| |||| 00| 0 eng d
020 _a9780073376837
041 _aeng
080 _a004
100 _a35
101 _aSHKI
245 _aINFORMATION SYSTEMS
_cBALTZAN
942 _2udc
_cBK
999 _c23194
_d23194